000 01157nam a22002897a 4500
001 8619
003 FISKH
005 20251009162519.0
008 251006b cb ||||| |||| 00| 0 eng d
020 _a9781842368237
040 _aFISKH
_beng
_cFISKH
_dFISKH
050 _aQL696.S8 P37
082 _a598.9
100 _aParker, Steve
_eAuthor
245 _aI love owls /
_cBy Steve Parker ; illustrated by Andrea Morandi
260 _aBardfield :
_bMiles Kelly ,
_c2007
300 _a24 pages :
_bcolor illustrations ;
_c24 cm
505 _aE
520 _aThese nocturnal feathered friends are known for their telltale hoot and their somewhat creepy ability to turn their heads almost all the way around. But there are many different kinds of owls that readers will love to learn about. This book introduces intriguing owls through beautiful and detailed illustrations and uncomplicated yet fascinating text.
521 8 _a200
_bLexile estimate
521 8 _aE
_bRaz-Plus
650 _aBirds and insects
_vNon-fiction
650 _aBugs
_vChildren's
700 _aMorandi, Andrea
_eIllustrator
942 _2ddc
_cBK
_n0
999 _c8619
_d8619